000 00771nam a2200265 4500
001 2045
010 _a9789720720863
021 _aPT
_b546371/25
090 _a2045
100 _a20260210d2025 d|||y0pory50030103ba
101 _apor
102 _aPT
200 _aO caso dos animais desaparecidos
_fPatricia García-Rojo
_gil. Damián Zain
_gadapt. Cristiana Neves
205 _a1ª edição
210 _aPorto
_cPorto Editora
_d2025
215 _a127, [1] p.
_cil.
_d20 cm
225 _aOs caça-mistérios
_v1
300 _aBMB-Registado
606 _9815
_aLiteratura Juvenil
675 _a087.5
_vBMB
_zpor
700 _aGarcía-Rojo
_bPatricia
_f1984-
_92932
702 _aZain
_bDamián
_4440
_92933
702 _aNeves
_bCristiana
_4010
_9873
801 _aPT
_bBMB
_gRPC
990 _cLIVROS